000 01048nam a2200301 i 4500
001 000007809
003 DO-SdBNP
005 20260202094623.0
007 ta
008 090907s1956 dr r 001 0 spa d
040 _aDO-SdBNP
_bspa
_cBNPHU
_erda
041 _aspa
082 4 _a929.4
_bR696s
_222
100 1 _aRodríguez Demorizi, Emilio,
_d1908-1986
_91039
_eautor
_4aut.
245 1 0 _aSeudónimos dominicanos /
_cEmilio Rodríguez Demorizi.
264 4 _aCiudad Trujillo, República Dominicana :
_bEditora Montalvo,
_c1956.
300 _a280 páginas ;
_c26 cm.
336 _atexto
_btxt
_2rdacontent
337 _asin mediación
_bn
_2rdamedia
338 _avolumen
_bnc
_2rdacarrier
500 _aIncluye índices de personas, lugares y materias
504 _aIncluye referencias bibliográficas y notas al pie de las páginas
504 _aBibliografía : páginas 47-51
590 _aInventariado, 2019/BT
650 4 _aAnónimos y seudónimos dominicanos
_920538
910 _aValidado. Control de calidad /MAA
942 _2ddc
_cLBS1
999 _c7587
_d7587